Normal view
MARC view
Entry Personal Name
001 - CONTROL NUMBER
- control field: 4254
003 - CONTROL NUMBER IDENTIFIER
- control field: OSt
005 - DATE AND TIME OF LATEST TRANSACTION
- control field: 20241216141730.0
008 - FIXED-LENGTH DATA ELEMENTS
- fixed length control field: 241216|| aca||aabn | a|a d
040 ## - CATALOGING SOURCE
- Original cataloging agency: OSt
- Transcribing agency: OSt
100 ## - HEADING--PERSONAL NAME
- Personal name: Krausová, Nora,
- Dates associated with a name: 1920-2009
670 ## - SOURCE DATA FOUND
- Source citation: Work cat.: (OSt)0: Krausová, Nora, 1920-2009 aut, Svet, v ktorom žijeme, 2008